000 00309nam a2200097Ia 4500
082 _a649.6 KROO
245 0 _aEntrepreneurial skills for your child : guidelines for parents
100 _a KROON, Susan Wellington, 2003 1st ed
_996557
942 _cBK
008 210817s9999 xx 000 0 und d
999 _c406176
_d406175